[Event "4NCL 2023-24"]
[Site "England ENG"]
[Date "2024.01.13"]
[Round "3.5"]
[Board "2"]
[White "Ashton, Adam G"]
[Black "Fernandez, Daniel Howard"]
[Result "0-1"]
[WhiteTitle "FM"]
[BlackTitle "GM"]
[WhiteElo "2282"]
[BlackElo "2532"]
[WhiteTeam "Chessable White Rose 2"]
[BlackTeam "The Sharks 1"]
[WhiteFideId "410110"]
[BlackFideId "5801605"]
[EventDate "2023.11.11"]

1. e4 e6 2. d4 d5 3. Nd2 Nf6 4. e5 Nfd7 5. f4 c5 6. Ngf3 Nc6 7. Nb3 cxd4 8.
Nbxd4 Nc5 9. Be3 Bd7 10. Be2 Be7 11. O-O O-O 12. c3 Rc8 13. Qe1 Nxd4 14. Nxd4 f6
15. exf6 Bxf6 16. Rd1 Qc7 17. Bf3 b5 18. f5 exf5 19. Bxd5+ Kh8 20. Bf4 Qb6 21.
Qg3 Na4 22. Qf2 Rfe8 23. a3 a5 24. Nf3 Bc6 25. Bb3 Qxf2+ 26. Rxf2 Nc5 27. Ba2 g6
28. Nd4 Ne4 29. Rff1 Bg5 30. Bxg5 Nxg5 31. Nxc6 Rxc6 32. h4 Ne4 33. Bd5 Rc7 34.
Rfe1 Nf6 35. Rxe8+ Nxe8 36. Bf3 Kg7 37. Rd5 b4 38. cxb4 axb4 39. axb4 Rc4 40. b5
Rb4 41. Rd8 Nf6 42. Rb8 Kh6 43. Bc6 Rxb2 44. g3 Ng4 45. b6 Ne5 46. Be8 Kh5 47.
b7 Kg4 48. Kf1 Kf3 0-1

[Event "4NCL 2023-24"]
[Site "England ENG"]
[Date "2024.01.13"]
[Round "3.5"]
[Board "3"]
[White "Nasuta, Grzegorz"]
[Black "Townsend, M Paul"]
[Result "1-0"]
[WhiteTitle "GM"]
[WhiteElo "2552"]
[BlackElo "2160"]
[WhiteTeam "The Sharks 1"]
[BlackTeam "Chessable White Rose 2"]
[WhiteFideId "1141686"]
[BlackFideId "402320"]
[EventDate "2023.11.11"]

1. e4 e6 2. d4 d5 3. e5 c5 4. c3 Nc6 5. Nf3 Bd7 6. Be2 Nge7 7. O-O Ng6 8. Be3
Be7 9. Nbd2 cxd4 10. cxd4 O-O 11. Nb3 f6 12. exf6 Bxf6 13. Bd3 Nge7 14. Re1 Nf5
15. Bxf5 exf5 16. Qd2 Re8 17. Bf4 Qb6 18. Nc5 Rxe1+ 19. Rxe1 Rd8 20. Bg5 Bxg5
21. Qxg5 Bc8 22. Nd3 Rf8 23. Qf4 Qa6 24. Nde5 Ne7 25. h4 h6 26. a3 Qf6 27. Rc1
Qb6 28. b4 Be6 29. Re1 Nc8 30. Nd3 Bf7 31. Nc5 Qd6 32. Qxf5 b6 33. Nd7 Re8 34.
Rxe8+ Bxe8 35. Nf6+ gxf6 36. Qxc8 Kf7 37. Qb7+ Qd7 38. Qb8 Kg7 39. Nh2 Bf7 40.
Qg3+ Kh7 41. Qf4 Qe6 42. Ng4 f5 43. Ne5 Be8 44. Qc1 a6 45. Qc7+ Kg8 46. Qd8 Kg7
47. Kh2 Kh7 48. Qc7+ Kg8 49. Nf3 Qe4 50. Qg3+ Kf7 51. Qc7+ Kg8 52. Qxb6 Qf4+ 53.
Kg1 Qc1+ 54. Kh2 Qf4+ 55. Kh1 Qc1+ 56. Ng1 Qxa3 57. Qd8 Kf8 58. Qd6+ 1-0

[Event "4NCL 2023-24"]
[Site "England ENG"]
[Date "2024.01.13"]
[Round "3.5"]
[Board "4"]
[White "Kisteneva, Lisa"]
[Black "Roberson, Peter T"]
[Result "0-1"]
[WhiteTitle "WFM"]
[BlackTitle "IM"]
[WhiteElo "2073"]
[BlackElo "2424"]
[WhiteTeam "Chessable White Rose 2"]
[BlackTeam "The Sharks 1"]
[WhiteFideId "24124877"]
[BlackFideId "412384"]
[EventDate "2023.11.11"]

1. c4 e5 2. Nc3 d6 3. g3 f5 4. Bg2 Nf6 5. e3 Be7 6. Nge2 O-O 7. O-O c6 8. d4 Na6
9. b3 e4 10. d5 Nc5 11. Nd4 cxd5 12. cxd5 Bd7 13. b4 Nd3 14. Qb3 a5 15. bxa5
Qxa5 16. Bd2 Nc5 17. Qc4 Rfc8 18. Nb3 Qa3 19. Nd4 Na4 20. Ncb5 Qb2 21. Qb4 Nxd5
22. Qb3 Rc5 23. Nc7 Qxb3 24. axb3 Nxc7 25. bxa4 Rxa4 26. Rxa4 Bxa4 27. Bb4 Re5
28. Ra1 Bc6 29. Bf1 Kf7 30. Ra7 Bd5 31. Bc3 Bf6 32. Bb4 Be7 33. Bc3 Bf8 34. Nc2
Re7 35. Nb4 Bc6 36. Bd4 d5 37. Bb6 Ne6 38. Ra8 Re8 39. Rxe8 Kxe8 40. Nc2 Kd7 41.
Be2 Bd6 42. Kf1 Be5 43. Kg2 Ba4 44. Nb4 Bb3 45. Bb5+ Ke7 46. f4 Bc7 0-1

[Event "4NCL 2023-24"]
[Site "England ENG"]
[Date "2024.01.13"]
[Round "3.5"]
[Board "5"]
[White "Rendle, Thomas E"]
[Black "Li, Harry"]
[Result "1/2-1/2"]
[WhiteTitle "IM"]
[WhiteElo "2378"]
[BlackElo "2107"]
[WhiteTeam "The Sharks 1"]
[BlackTeam "Chessable White Rose 2"]
[WhiteFideId "408760"]
[BlackFideId "430145"]
[EventDate "2023.11.11"]

1. d4 d5 2. c4 e6 3. Nf3 c5 4. cxd5 exd5 5. g3 Nc6 6. Bg2 Nf6 7. O-O Be7 8. dxc5
Bxc5 9. a3 Ne4 10. Nfd2 O-O 11. Nxe4 dxe4 12. Qxd8 Rxd8 13. Bxe4 Bd4 14. Kg2 Re8
15. Bf3 Ne5 16. Bd5 Rd8 17. Be4 f5 18. Bc2 Be6 19. Nc3 h6 20. Nb5 Bb6 21. Bf4
Rac8 22. Bb1 Nc4 23. Ba2 g5 24. Bc1 Kf7 25. Nc3 Bd4 26. Bxc4 Bxc4 27. Be3 Bxc3
28. bxc3 Bxe2 29. Rfe1 Bb5 1/2-1/2

[Event "4NCL 2023-24"]
[Site "England ENG"]
[Date "2024.01.13"]
[Round "3.5"]
[Board "6"]
[White "Chan, Sheng Liang Bernard"]
[Black "Ghasi, Ameet K"]
[Result "0-1"]
[BlackTitle "IM"]
[WhiteElo "2082"]
[BlackElo "2485"]
[WhiteTeam "Chessable White Rose 2"]
[BlackTeam "The Sharks 1"]
[WhiteFideId "5712858"]
[BlackFideId "409200"]
[EventDate "2023.11.11"]

1. d4 Nf6 2. c4 g6 3. Nc3 Bg7 4. e4 d6 5. h3 O-O 6. Be3 Nbd7 7. Nf3 e5 8. dxe5
dxe5 9. Be2 c6 10. O-O Qe7 11. Qc2 Nh5 12. Rfd1 Nc5 13. b4 Ne6 14. c5 Nhf4 15.
Bf1 Qf6 16. Kh2 Nxh3 17. Rd6 Nhf4 18. b5 cxb5 19. g3 g5 20. gxf4 exf4 21. Bd4
Qh6+ 22. Kg1 g4 23. Bxg7 Qxg7 24. Nh4 b4 25. Nf5 Qxc3 26. Qxc3 bxc3 27. c6 bxc6
28. Rxc6 Ng5 29. Nh6+ Kg7 30. Rc1 Nxe4 31. Bd3 Ng5 32. R1xc3 Nf3+ 33. Kf1 Re8
34. Be2 Nd4 35. Bxg4 Nxc6 36. Rxc6 Bxg4 37. Nxg4 Rac8 38. Ra6 Re6 39. Rxa7 f3 0-1

[Event "4NCL 2023-24"]
[Site "England ENG"]
[Date "2024.01.13"]
[Round "3.5"]
[Board "7"]
[White "Moreby, James"]
[Black "Walton, Alan J"]
[Result "1/2-1/2"]
[WhiteTitle "FM"]
[BlackTitle "CM"]
[WhiteElo "2260"]
[BlackElo "2021"]
[WhiteTeam "The Sharks 1"]
[BlackTeam "Chessable White Rose 2"]
[WhiteFideId "427756"]
[BlackFideId "409898"]
[EventDate "2023.11.11"]

1. Nf3 e6 2. b3 d5 3. Bb2 Nf6 4. e3 Bd6 5. d4 b6 6. Bd3 Bb7 7. Nbd2 Qe7 8. a3
Ne4 9. c4 Nd7 10. Qc2 Nxd2 11. Qxd2 O-O 12. cxd5 exd5 13. O-O Rfe8 14. Rfc1 a6
15. Qe2 Nf8 16. b4 Qe6 17. a4 Ng6 18. Qd2 Qf6 19. b5 a5 20. Ba3 Nf8 21. Rc2 Rac8
22. Qc1 c5 23. bxc6 Rxc6 24. Bxd6 Rxc2 25. Qxc2 Qxd6 26. Rb1 Rc8 27. Qb2 f6 28.
h3 Nd7 29. Bf5 Rc6 30. Qb3 g6 31. Bxd7 Qxd7 32. e4 Rc4 33. Qxb6 dxe4 34. Nh2 Bc6
35. Ng4 Kg7 36. Qxa5 Rxa4 37. Qc5 Rxd4 38. Ne3 Qd6 39. Qa7+ Qd7 40. Qb8 Qd6 41.
Qc8 Qd7 1/2-1/2

[Event "4NCL 2023-24"]
[Site "England ENG"]
[Date "2024.01.13"]
[Round "3.5"]
[Board "8"]
[White "Gostelow, Luke"]
[Black "Morea, Georgiana-Steluta"]
[Result "0-1"]
[WhiteElo "1895"]
[BlackElo "1941"]
[WhiteTeam "Chessable White Rose 2"]
[BlackTeam "The Sharks 1"]
[WhiteFideId "343403980"]
[BlackFideId "1204319"]
[EventDate "2023.11.11"]

1. d4 Nf6 2. c4 g6 3. Nc3 Bg7 4. e4 d6 5. h3 O-O 6. Be3 Nbd7 7. Nf3 e5 8. d5 a6
9. Be2 b6 10. g4 Nc5 11. Nd2 a5 12. g5 Ne8 13. h4 f5 14. gxf6 Qxf6 15. f3 Bd7
16. Nf1 h6 17. Qd2 Kh7 18. O-O-O Rb8 19. Nh2 Qe7 20. Rdg1 Nf6 21. Nf1 Nh5 22.
Ng3 Nf4 23. Bf1 a4 24. Kb1 h5 25. Nge2 Ncd3 26. Nb5 Bxb5 27. cxb5 Nxe2 28. Bg5
Qe8 29. Qxe2 Nf4 30. Qc4 Qd7 31. Qxa4 Ra8 32. Qb3 Bh6 33. Rh2 Bxg5 34. Rxg5 Ra5
35. Rc2 Rfa8 36. a3 Ra4 37. Rc4 R4a5 38. Qc2 Rc8 39. Rc6 Kh6 40. Rg3 Qe7 41. Rg5
Qd7 42. Qc1 Ra7 43. Rg3 Kh7 44. Ka2 Ra5 45. b3 Ra7 46. a4 Qe7 47. Rg5 Qd7 48.
Qd2 Rg8 49. Kb2 Rg7 50. Qh2 Qf7 51. Rc3 Ra8 52. Rg1 Qe7 53. Ka3 Ra7 54. b4 g5
55. hxg5 Rxg5 56. Rxg5 Qxg5 57. Kb3 Kh6 58. Qf2 h4 59. a5 Qg3 60. Qe3 Qh2 61.
Rc2 Qh1 62. axb6 cxb6 63. Be2 Qa1 64. Qxb6 Nxe2 65. Qxd6+ Kg5 66. Qd8+ Kf4 67.
Qxh4+ Ke3 68. Qh6+ Kxf3 69. Qh3+ Kf4 70. Qh4+ Ke3 71. Qh6+ Nf4 72. Rc3+ Kxe4 73.
Rc4+ Kd3 0-1

[Event "4NCL 2023-24"]
[Site "England ENG"]
[Date "2024.01.13"]
[Round "3.6"]
[Board "1"]
[White "Royal, Shreyas"]
[Black "Gormally, Daniel W"]
[Result "1/2-1/2"]
[WhiteTitle "IM"]
[BlackTitle "GM"]
[WhiteElo "2457"]
[BlackElo "2415"]
[WhiteTeam "Wood Green Youth"]
[BlackTeam "Blackthorne"]
[WhiteFideId "448869"]
[BlackFideId "406465"]
[EventDate "2023.11.11"]

1. d4 Nf6 2. c4 g6 3. Nc3 d5 4. cxd5 Nxd5 5. Bd2 Bg7 6. e4 Nxc3 7. Bxc3 c5 8. d5
Bxc3+ 9. bxc3 O-O 10. Qd2 e6 11. Bc4 exd5 12. Bxd5 Nd7 13. Nf3 Nf6 14. O-O Nxd5
15. exd5 Bf5 16. Rfe1 Qf6 17. Ne5 Rfe8 18. f4 Rad8 19. Rad1 Qd6 20. Nc4 Qa6 21.
Rxe8+ Rxe8 22. Ne3 Bd7 23. h3 h5 24. f5 Qf6 25. d6 Bc6 26. d7 Bxd7 27. fxg6 Qxg6
28. Qxd7 Rxe3 29. Qxb7 Rxc3 30. Qxa7 Rc2 31. Qa8+ Kh7 32. Rd8 Qf6 33. Qe4+ Qg6
34. Qa8 Qf6 35. Qe4+ Qg6 36. Qa8 1/2-1/2

[Event "4NCL 2023-24"]
[Site "England ENG"]
[Date "2024.01.13"]
[Round "3.6"]
[Board "2"]
[White "Ledger, Andrew J"]
[Black "Willow, Jonah B"]
[Result "0-1"]
[WhiteTitle "IM"]
[BlackTitle "IM"]
[WhiteElo "2334"]
[BlackElo "2446"]
[WhiteTeam "Blackthorne"]
[BlackTeam "Wood Green Youth"]
[WhiteFideId "400610"]
[BlackFideId "438804"]
[EventDate "2023.11.11"]

1. c4 e6 2. Nf3 d5 3. g3 d4 4. Bg2 Nc6 5. O-O Bc5 6. d3 Nf6 7. Nbd2 a5 8. Nb3
Be7 9. e3 dxe3 10. Bxe3 Ng4 11. Bc5 O-O 12. d4 a4 13. Bxe7 Qxe7 14. Nc5 e5 15.
Re1 Rd8 16. b4 axb3 17. Nxb3 e4 18. d5 f5 19. Nfd2 b5 20. cxb5 Nce5 21. f3 Qf6
22. fxg4 Qb6+ 23. Kh1 Nxg4 24. Re2 Rxd5 25. Qe1 Bb7 26. a4 Rd3 27. Rc1 Qh6 28.
h3 f4 29. Nc5 Rxg3 30. Nxb7 e3 31. Nf1 Rxh3+ 32. Kg1 f3 33. Nxe3 fxg2 34. Nxg4
Rh1+ 0-1

[Event "4NCL 2023-24"]
[Site "England ENG"]
[Date "2024.01.13"]
[Round "3.6"]
[Board "3"]
[White "Bazakutsa, Svyatoslav"]
[Black "Bates, Richard A"]
[Result "1-0"]
[WhiteTitle "IM"]
[BlackTitle "IM"]
[WhiteElo "2462"]
[BlackElo "2318"]
[WhiteTeam "Wood Green Youth"]
[BlackTeam "Blackthorne"]
[WhiteFideId "14198525"]
[BlackFideId "403555"]
[EventDate "2023.11.11"]

1. c4 Nf6 2. Nc3 g6 3. e4 d6 4. d4 Bg7 5. h3 O-O 6. Be3 e5 7. d5 Na6 8. g4 Nc5
9. f3 a5 10. Qd2 Ne8 11. h4 f5 12. g5 Bd7 13. O-O-O a4 14. Nge2 Ra6 15. Kb1 Bh8
16. h5 f4 17. Bxc5 dxc5 18. Bh3 gxh5 19. Bxd7 Qxd7 20. Rxh5 Rg6 21. Rdh1 Nd6 22.
Qd3 Rf7 23. Ng1 Rfg7 24. Nh3 Nf7 25. Nf2 Nxg5 26. Ng4 Nxf3 27. Nh6+ Rxh6 28.
Rxh6 Nd4 29. a3 Rg3 30. Qd1 Bg7 31. Rxh7 f3 32. R7h2 Qg4 33. Ka2 Rg2 34. Rxg2
fxg2 35. Rh8+ 1-0

[Event "4NCL 2023-24"]
[Site "England ENG"]
[Date "2024.01.13"]
[Round "3.6"]
[Board "4"]
[White "Ansell, Simon T"]
[Black "Derakhshani, Borna"]
[Result "0-1"]
[WhiteTitle "IM"]
[BlackTitle "FM"]
[WhiteElo "2331"]
[BlackElo "2355"]
[WhiteTeam "Blackthorne"]
[BlackTeam "Wood Green Youth"]
[WhiteFideId "402141"]
[BlackFideId "12518450"]
[EventDate "2023.11.11"]

1. e4 c5 2. Nf3 Nc6 3. Bb5 e6 4. O-O Nge7 5. Re1 b6 6. b3 a6 7. Bf1 e5 8. d4
cxd4 9. c3 dxc3 10. Nxc3 Ng6 11. Nd5 Bc5 12. Bg5 f6 13. Be3 O-O 14. b4 Bxe3 15.
Nxe3 Kh8 16. Rc1 Bb7 17. Qd6 Qb8 18. Qxd7 Nge7 19. Rxc6 Bxc6 20. Qxe7 Bxe4 21.
Nc4 Bd5 22. Qd7 Rd8 23. Qf5 b5 24. Ne3 Bf7 25. Rc1 Qd6 26. Ng5 Bg8 27. Ne4 Qxb4
28. Rc7 Qf8 29. g4 Rac8 30. Rxc8 Rxc8 31. g5 fxg5 32. Qxg5 Qf4 33. Qg2 Bxa2 34.
Nd6 Rf8 35. Bd3 Qf3 36. Qxf3 Rxf3 37. Nb7 Rf6 38. Na5 Rd6 39. Bc2 b4 40. Kf1 Rb6
41. Bd3 e4 42. Bxe4 b3 43. Bd5 Rb5 44. Nc6 Bb1 45. Ne5 b2 0-1

[Event "4NCL 2023-24"]
[Site "England ENG"]
[Date "2024.01.13"]
[Round "3.6"]
[Board "5"]
[White "Czopor, Maciej"]
[Black "Ledger, Dave J"]
[Result "1/2-1/2"]
[WhiteTitle "FM"]
[BlackTitle "FM"]
[WhiteElo "2359"]
[BlackElo "2207"]
[WhiteTeam "Wood Green Youth"]
[BlackTeam "Blackthorne"]
[WhiteFideId "21805431"]
[BlackFideId "401986"]
[EventDate "2023.11.11"]

1. e4 e5 2. Nf3 Nc6 3. Bc4 Bc5 4. c3 Nf6 5. d4 exd4 6. b4 Be7 7. e5 Ne4 8. b5
Na5 9. Bd3 d5 10. exd6 Nxd6 11. cxd4 Nac4 12. Qc2 Nb6 13. Nc3 h6 14. O-O O-O 15.
Bf4 Be6 16. Ne5 Ne8 17. Rad1 Nf6 18. Qc1 Re8 19. d5 Nbxd5 20. Nxd5 Bxd5 21. Bc4
Rc8 22. Rd3 c6 23. bxc6 bxc6 24. Ba6 Rc7 25. Bxh6 Bd6 26. Qg5 Nh5 27. Nc4 Bf4
28. Qxh5 Bxh6 29. Rg3 Re6 30. Ne3 Bf4 31. Nxd5 Bxg3 32. Nxc7 Bxc7 33. Bc4 Rf6
34. Rd1 Qe7 35. Qg4 Bb6 36. Qc8+ Kh7 37. Qh3+ Kg8 38. Qc8+ Kh7 39. Qh3+ Kg8 40.
Qc8+ 1/2-1/2

[Event "4NCL 2023-24"]
[Site "England ENG"]
[Date "2024.01.13"]
[Round "3.6"]
[Board "6"]
[White "Duncan, Chris R"]
[Black "Durak, Can"]
[Result "0-1"]
[WhiteTitle "FM"]
[BlackTitle "FM"]
[WhiteElo "2161"]
[BlackElo "2450"]
[WhiteTeam "Blackthorne"]
[BlackTeam "Wood Green Youth"]
[WhiteFideId "403091"]
[BlackFideId "44552971"]
[EventDate "2023.11.11"]

1. d4 Nf6 2. c4 e6 3. Nc3 d5 4. cxd5 exd5 5. Bg5 Bb4 6. Nf3 h6 7. Bxf6 Qxf6 8.
e3 c6 9. Be2 Bf5 10. Qb3 Qe7 11. O-O O-O 12. Rac1 a5 13. Na4 Bd6 14. Nc5 Bc8 15.
Rfe1 Nd7 16. Nd3 Nf6 17. Nfe5 a4 18. Qd1 Bf5 19. a3 Rfe8 20. Bf3 Qc7 21. g3 Ne4
22. Bg4 Bh7 23. Bh5 Re7 24. Kg2 Qb6 25. Qe2 Ra5 26. Qg4 Qc7 27. Qe2 Rb5 28. Qc2
Nf6 29. Be2 Rb3 30. Qd1 Qa5 31. Kg1 Bxe5 32. dxe5 Nd7 33. f4 Qb6 34. Kf2 f6 35.
Rc3 fxe5 36. Rxb3 axb3 37. Bg4 exf4 38. gxf4 Nf6 39. Ne5 Bc2 40. Qe2 Qc5 41. Bf3
Qd6 42. Qd2 Rxe5 43. fxe5 Qxe5 44. Kg1 Qxb2 45. Bd1 Ne4 46. Qe2 Nc3 47. Qd2 Nxd1
48. Rxd1 Qf6 49. Rf1 Qg6+ 0-1

[Event "4NCL 2023-24"]
[Site "England ENG"]
[Date "2024.01.13"]
[Round "3.6"]
[Board "7"]
[White "Kalaiyalahan, Akshaya"]
[Black "Varney, Zoe"]
[Result "0-1"]
[WhiteTitle "FM"]
[BlackTitle "WCM"]
[WhiteElo "2137"]
[BlackElo "2105"]
[WhiteTeam "Wood Green Youth"]
[BlackTeam "Blackthorne"]
[WhiteFideId "422894"]
[BlackFideId "436135"]
[EventDate "2023.11.11"]

1. d4 d5 2. c4 e6 3. e3 Nf6 4. Nf3 a6 5. Nc3 dxc4 6. Bxc4 b5 7. Bd3 Bb7 8. O-O
Nbd7 9. b3 c5 10. Bb2 Bd6 11. h3 O-O 12. Qe2 Qb6 13. Rad1 Rac8 14. Bb1 Rfd8 15.
e4 cxd4 16. Rxd4 Ne5 17. Rdd1 Nxf3+ 18. Qxf3 Be5 19. Rxd8+ Qxd8 20. Rd1 Qa5 21.
Nd5 Bxb2 22. Ne7+ Kf8 23. Nxc8 Bxc8 24. Qd3 Bd7 25. Qd6+ Ke8 26. g4 h6 27. h4
Qd8 28. g5 hxg5 29. hxg5 Ng4 30. f4 e5 31. Rd3 Bd4+ 32. Kg2 Ne3+ 33. Kh1 Qa8 34.
Rxd4 exd4 35. Qxd4 Ng4 36. Qxg7 Qc6 37. Qb2 Bf5 38. Kg1 0-1

[Event "4NCL 2023-24"]
[Site "England ENG"]
[Date "2024.01.13"]
[Round "3.6"]
[Board "8"]
[White "Ledger, Stephen C"]
[Black "Stoyanov, Viktor"]
[Result "1/2-1/2"]
[BlackTitle "FM"]
[WhiteElo "2002"]
[BlackElo "2269"]
[WhiteTeam "Blackthorne"]
[BlackTeam "Wood Green Youth"]
[WhiteFideId "404470"]
[BlackFideId "450308"]
[EventDate "2023.11.11"]

1. d4 d5 2. Bf4 Nf6 3. e3 c5 4. c3 e6 5. Nd2 Bd6 6. Bg3 O-O 7. Ngf3 Qc7 8. Bd3
Nbd7 9. Qb1 Re8 10. O-O Bxg3 11. hxg3 e5 12. dxe5 Nxe5 13. Nxe5 Qxe5 14. Re1 Ne4
15. Nxe4 dxe4 16. Be2 Be6 17. Qc2 Rab8 18. Red1 b5 19. b3 h5 20. Rab1 g6 21. Rd2
Kg7 22. c4 b4 23. Qb2 Qxb2 24. Rbxb2 Red8 25. Kf1 Kf6 26. Rxd8 Rxd8 27. Ke1 Ke5
28. Rd2 Rxd2 29. Kxd2 Bd7 30. Ke1 f6 31. Kf1 a5 32. Ke1 Be8 33. Kf1 Bf7 34. Kg1
g5 35. Kh2 Bg6 36. Bd1 f5 37. Be2 Bf7 38. Kh3 Be8 39. Bd1 Kf6 40. Be2 Kg6 41.
Bd1 Bd7 42. Kh2 Bc8 43. Be2 Be6 44. Bd1 Bd7 45. Be2 a4 46. Bd1 a3 47. Be2 Be8
48. Kh3 Bd7 49. Kh2 Be8 1/2-1/2

[Event "4NCL 2023-24"]
[Site "England ENG"]
[Date "2024.01.14"]
[Round "4.1"]
[Board "1"]
[White "Sargissian, Gabriel"]
[Black "Peralta, Fernando"]
[Result "1/2-1/2"]
[WhiteTitle "GM"]
[BlackTitle "GM"]
[WhiteElo "2671"]
[BlackElo "2580"]
[WhiteTeam "Manx Liberty"]
[BlackTeam "Cheddleton"]
[WhiteFideId "13300881"]
[BlackFideId "105309"]
[EventDate "2023.11.11"]

1. d4 Nf6 2. c4 e6 3. Nf3 d5 4. Nc3 dxc4 5. e4 b5 6. e5 Nd5 7. Nxb5 Nb6 8. Be3
Nc6 9. a3 Qd7 10. Nc3 Bb7 11. Qc2 Ne7 12. Be2 Nf5 13. Rd1 Be7 14. O-O O-O 15.
Ne4 Qa4 16. Qb1 1/2-1/2

[Event "4NCL 2023-24"]
[Site "England ENG"]
[Date "2024.01.14"]
[Round "4.1"]
[Board "2"]
[White "Asis Gargatagli, Hipolito"]
[Black "Lupulescu, Constantin"]
[Result "1/2-1/2"]
[WhiteTitle "GM"]
[BlackTitle "GM"]
[WhiteElo "2493"]
[BlackElo "2579"]
[WhiteTeam "Cheddleton"]
[BlackTeam "Manx Liberty"]
[WhiteFideId "2260735"]
[BlackFideId "1207822"]
[EventDate "2023.11.11"]

1. e4 c5 2. c3 d5 3. exd5 Qxd5 4. d4 Nf6 5. Nf3 e6 6. Na3 Qd8 7. Nc4 Nc6 8. Be3
Nd5 9. Bd3 Be7 10. O-O O-O 11. Nfe5 Nxe5 12. Nxe5 Bf6 13. Re1 Nxe3 14. Rxe3 g6 1/2-1/2

[Event "4NCL 2023-24"]
[Site "England ENG"]
[Date "2024.01.14"]
[Round "4.1"]
[Board "3"]
[White "Shirov, Alexei"]
[Black "Kirk, Ezra"]
[Result "1-0"]
[WhiteTitle "GM"]
[BlackTitle "IM"]
[WhiteElo "2658"]
[BlackElo "2407"]
[WhiteTeam "Manx Liberty"]
[BlackTeam "Cheddleton"]
[WhiteFideId "2209390"]
[BlackFideId "600067"]
[EventDate "2023.11.11"]

1. e4 c5 2. Nf3 d6 3. d4 cxd4 4. Nxd4 Nf6 5. Nc3 a6 6. Be3 e5 7. Nb3 Be7 8. f3
Be6 9. Qd2 h5 10. Nd5 Nxd5 11. exd5 Bf5 12. Na5 b6 13. Nc4 Nd7 14. Be2 Bh4+ 15.
g3 Be7 16. h4 Rb8 17. f4 e4 18. Bd4 Nf6 19. Ne3 Bc8 20. O-O-O b5 21. Kb1 Kf8 22.
c4 Bg4 23. cxb5 axb5 24. Rc1 Qd7 25. Bxf6 Bxf6 26. Bxg4 hxg4 27. Rc6 g6 28. Rhc1
Kg7 29. Rc7 Qd8 30. Nxg4 b4 31. Qe3 Rh5 32. Qa7 1-0

[Event "4NCL 2023-24"]
[Site "England ENG"]
[Date "2024.01.14"]
[Round "4.1"]
[Board "4"]
[White "Eggleston, David J"]
[Black "Parligras, Mircea-Emilian"]
[Result "1/2-1/2"]
[WhiteTitle "IM"]
[BlackTitle "GM"]
[WhiteElo "2341"]
[BlackElo "2543"]
[WhiteTeam "Cheddleton"]
[BlackTeam "Manx Liberty"]
[WhiteFideId "412120"]
[BlackFideId "1204297"]
[EventDate "2023.11.11"]

1. e4 c5 2. Nf3 d6 3. Bb5+ Nd7 4. d4 cxd4 5. Qxd4 a6 6. Bxd7+ Bxd7 7. O-O e5 8.
Qd3 Rc8 9. Nc3 Qc7 10. a4 h6 11. Nd2 Nf6 12. Rd1 Bg4 13. Re1 Be7 14. Nf1 O-O 15.
Ne3 Be6 16. Bd2 Qc5 17. Red1 Rfd8 18. Be1 Bf8 19. Rac1 b5 20. axb5 axb5 21. Ncd5
Nxd5 22. Nxd5 Bxd5 23. Qxd5 Qxd5 24. Rxd5 Rc5 1/2-1/2

[Event "4NCL 2023-24"]
[Site "England ENG"]
[Date "2024.01.14"]
[Round "4.1"]
[Board "5"]
[White "Erdos, Viktor"]
[Black "Clarke, Brandon G I"]
[Result "1-0"]
[WhiteTitle "GM"]
[BlackTitle "IM"]
[WhiteElo "2552"]
[BlackElo "2490"]
[WhiteTeam "Manx Liberty"]
[BlackTeam "Cheddleton"]
[WhiteFideId "719978"]
[BlackFideId "400319"]
[EventDate "2023.11.11"]

1. d4 Nf6 2. c4 g6 3. Nc3 d5 4. Nf3 Bg7 5. Qb3 dxc4 6. Qxc4 O-O 7. e4 a6 8. Be2
b5 9. Qb3 c5 10. dxc5 Be6 11. Qc2 Nbd7 12. Be3 Rc8 13. Rd1 b4 14. Nd5 Bxd5 15.
exd5 Nxc5 16. O-O a5 17. Rfe1 Nce4 18. Qb1 Nd6 19. Ne5 Nf5 20. Nc6 Qd6 21. Bf3
Nh4 22. Bc5 Qxc5 23. Nxe7+ Kh8 24. Rc1 Qd6 25. Rxc8 Rxc8 26. Nxc8 Nxf3+ 27. gxf3
Qxd5 28. Qd1 Qg5+ 29. Kh1 h5 30. Nd6 Kg8 31. Qb3 Qf4 32. Rd1 Nh7 33. Qe3 Qf6 34.
b3 Bh6 35. Ne4 Qf5 36. Rd8+ Bf8 37. Kg2 1-0

[Event "4NCL 2023-24"]
[Site "England ENG"]
[Date "2024.01.14"]
[Round "4.1"]
[Board "6"]
[White "Pert, Richard G"]
[Black "Csonka, Balazs"]
[Result "1/2-1/2"]
[WhiteTitle "IM"]
[BlackTitle "IM"]
[WhiteElo "2411"]
[BlackElo "2491"]
[WhiteTeam "Cheddleton"]
[BlackTeam "Manx Liberty"]
[WhiteFideId "404748"]
[BlackFideId "742910"]
[EventDate "2023.11.11"]

1. d4 d5 2. Nf3 Nf6 3. c4 e6 4. Nc3 c6 5. Bg5 Nbd7 6. e3 Qa5 7. Nd2 dxc4 8. Bxf6
Nxf6 9. Nxc4 Qc7 10. Be2 Be7 11. O-O O-O 12. Rc1 Rd8 13. Qc2 Bd7 14. a3 c5 15.
dxc5 Qxc5 16. b4 Qc7 17. Qb2 1/2-1/2

[Event "4NCL 2023-24"]
[Site "England ENG"]
[Date "2024.01.14"]
[Round "4.1"]
[Board "7"]
[White "Bobras, Piotr"]
[Black "Arkell, Keith C"]
[Result "1/2-1/2"]
[WhiteTitle "GM"]
[BlackTitle "GM"]
[WhiteElo "2428"]
[BlackElo "2371"]
[WhiteTeam "Manx Liberty"]
[BlackTeam "Cheddleton"]
[WhiteFideId "1106880"]
[BlackFideId "400270"]
[EventDate "2023.11.11"]

1. e4 e6 2. d4 d5 3. Nc3 dxe4 4. Nxe4 Bd7 5. Nf3 Bc6 6. Bd3 Nd7 7. O-O Ngf6 8.
Ng3 Be7 9. Qe2 Bxf3 10. Qxf3 c6 11. Re1 O-O 12. c3 Re8 13. Re2 g6 14. h4 h5 15.
Bg5 Nh7 16. Bxe7 Qxe7 17. Qf4 Ndf6 18. Ne4 Nxe4 19. Bxe4 Rad8 20. Rae1 Qd6 21.
Qh6 Qf8 22. Qf4 Qd6 23. Qh6 Qf8 24. Qf4 1/2-1/2